Представление документа в формате MARC21

Поле Инд. ПП Название Значение
Тип записи a
Библиографический уровень b
001 Контрольный номер RU/IS/BASE/187798349
005 Дата корректировки 20220422093507.3
008 Кодируемые данные 20051213
084 a Индекс другой классификации/Индекс ББК 88.92; 88.323; 88.54
100 1_ a Автор Цветкова Н. А.
q Полное имя Цветкова Надежда Александровна
245 10 a Заглавие Групповая психосоциальная работа с женщинами
500 a Примечание Продолжение Начало в №№ 1, 2, 3 за 2005
650 04 a Основная рубрика практическая психология (прикладная психология)
a Основная рубрика психологическое консультирование
a Основная рубрика психология
a Основная рубрика психология групп
a Основная рубрика психология личности
a Основная рубрика гендерная психология
a Основная рубрика социальная психология
653 0_ a Ключевые слова групповое консультирование
a Ключевые слова женщины
a Ключевые слова когнитивный подход
a Ключевые слова консультативная психология
a Ключевые слова коррекционно-реабилитационная работа
a Ключевые слова психосоциальная адаптация
a Ключевые слова психосоциальная работа
a Ключевые слова психотерапия
a Ключевые слова самопознание
a Ключевые слова эмоции
773 18 t Заглавие источника Вестник психосоциальной и коррекционно-реабилитационной работы
d Дата издания источника 2005
g Прочая информация № 4. - С. 51 - 62
w Контрольный № источника RU/IS/BASE/187364321
901 t Тип документа b